Statistics for Large Indonesian Islands

Click here to take the quiz!

General Stats

  • This quiz has been taken 53 times
  • The average score is 7 of 22

Answer Stats

AreaIsland% Correct
164000Sumatra
95%
48900Java
93%
2147Bali
88%
67400Celebes
70%
5520Flores
53%
2098Lombok
43%
4375Bangka
35%
4306Sumba
35%
2042Madura
33%
5965Sumbawa
30%
1853Belitung
28%
1569Nias
25%
3670Buru
20%
1470Siberut
10%
6621Ceram
5%
1124Muna
5%
1180Waigeo
5%
1400Wetar
5%
1200Yamdena
5%
4500Dolak
3%
1620Butung
0%
1100Talibu
0%

Score Distribution

Percentile by Number Answered

Percent of People with Each Score

Your Score History

You have not taken this quiz